000 00889nam a2200277 i 4500
001 C2-0336605
003 PPAK
005 20180728135509.0
008 160628s2016 my a|||| ||||| | may d
020 _a9789670929040
040 _aPPAK
_beng
_cPPAK
_erda
082 0 4 _a338.1
_223
090 0 0 _a338.1
_bKEP
_dK
245 0 0 _aKepelbagaian produk dalam pertanian
264 1 _aKuala Lumpur :
_bPenerbit Sinar Cemerlang ,
_c2016
300 _a48 pages :
_bcolour photographs ;
_c29 cm
336 _2rdacontent
_atext
337 _2rdamedia
_aunmediated
338 _2rdacarrier
_avolume
490 1 _aPertanian suatu perniagaan global
500 _aIncludes glossary ; Includes excercises
650 1 0 _aAgriculture - Economic aspects. ; Farm produce - Malaysia.
700 0 _aNurul Ain Amirnur Rashid,
_ecompile
830 0 _aPertanian suatu perniagaan global
942 _ddc
_cB
999 _c134347
_d134347